| 000 | 00880nam a2200205Ia 4500 | ||
|---|---|---|---|
| 001 | b2636-24060 [2881] | ||
| 003 | IT-MiCISF | ||
| 008 | 161014s9999||||xx |||||||||||||| ||und|| | ||
| 040 |
_aIT-MiCISF _cIT-MiCISF |
||
| 041 | _ait | ||
| 100 | _aSpinsanti Sandro (a cura di) | ||
| 245 | 0 | _aBioetica e antropologia medica | |
| 250 | _a1a ed. | ||
| 260 |
_a Roma _bNIS _c1991 |
||
| 300 | _app. 256 | ||
| 500 | _aSpinsanti S., Bianco I., Gallini C., Miccinesi G., Mieli G., Pela I., Gracia Guillen D., Guerra G., Fazzari C., Lampronti V., Lombardi Vallauri L., Barni M., Chiodi V., Malliani A., Mondella F., Boeri R., Benvenuti P. / bioetica, formazione, malattia, cura, rapporti-operatori-utenti, aborto, procreazione-artificiale, transessualità, anziani, maternità, paternità, morte, malato-terminale / | ||
| 650 | _abioetica | ||
| 942 | _cBK | ||
| 957 | _71 | ||
| 999 |
_a24060 _bsi _g1 _c214816 _d214816 |
||